000 00483nam a2200145 4500
999 _c6272
_d6272
008 170220b xxu||||| |||| 00| 0 eng d
082 _aDPer 910.5 T69 Jan-Aug 2015 v. 1-4
100 _918875
_aAñonuevo, Klara Iskra
245 _aNature-proofed/
_cKlara Iskra Añonuevo.
260 _aPhilippines:
_bOne Mega Group,
_c©2015.
300 _av3, pages 46-47:
_billustrations;
_c28 cm.
500 _aTravel Now.
650 0 _918876
_aOutdoor recreation
_xEssentials
942 _2ddc
_cPER